The road to Damietta

Bibliographic Details
Main Author: O'dell, Scott
Format: Book
Published: New York : Graphia , 2001
Subjects:

MARC

LEADER 00000cam a2200000 7i4500
001 0000010689
005 20160330.0
008 071029
020 |a 0618494936 
090 0 0 |a ODE   |b ENG (8435) 
100 1 |a O'dell, Scott 
245 1 4 |a The road to Damietta   |c Scott O'dell 
260 |a New York :   |b Graphia ,   |c 2001 
500 |a Teenager ages 13-18 years old (blue) 
650 0 |a English fiction 
650 0 |a Novel 
650 0 |a Religious life   |x Fiction 
999 |a 0000997849   |b Book   |c Teenagers   |e Perbadanan Perpustakaan Awam Johor